<?xml version="1.0" encoding="UTF-8"?>
<collection xmlns:xsi="http://www.w3.org/2001/XMLSchema-instance" xsi:schemaLocation="http://www.loc.gov/MARC21/slim http://www.loc.gov/standards/marcxml/schema/MARC21slim.xsd" xmlns="http://www.loc.gov/MARC21/slim">
 <record>
  <leader>00000ntm a22000008i 4500</leader>
  <controlfield tag="001">UP-1685954869149651445</controlfield>
  <controlfield tag="003">Buklod</controlfield>
  <controlfield tag="005">20240222114336.0</controlfield>
  <controlfield tag="006">m     |  | |      </controlfield>
  <controlfield tag="007">ta</controlfield>
  <controlfield tag="008">240222s2018    nju   a r   b|001 0|eng c</controlfield>
  <datafield tag="020" ind1=" " ind2=" ">
   <subfield code="a">9781119312567 (paper)</subfield>
  </datafield>
  <datafield tag="035" ind1=" " ind2=" ">
   <subfield code="a">20594696</subfield>
  </datafield>
  <datafield tag="037" ind1=" " ind2=" ">
   <subfield code="a">BC-74575</subfield>
   <subfield code="b">SERV Enterprises</subfield>
   <subfield code="c">PhP 7,150.00</subfield>
   <subfield code="n">Prof. Joseph Carvajal</subfield>
  </datafield>
  <datafield tag="040" ind1=" " ind2=" ">
   <subfield code="a">DLC</subfield>
   <subfield code="d">BAG</subfield>
   <subfield code="e">rda</subfield>
  </datafield>
  <datafield tag="041" ind1="0" ind2=" ">
   <subfield code="a">eng</subfield>
  </datafield>
  <datafield tag="090" ind1=" " ind2="0">
   <subfield code="a">Z 246</subfield>
   <subfield code="b">C37 2018</subfield>
  </datafield>
  <datafield tag="100" ind1="1" ind2=" ">
   <subfield code="a">Carter, Rob</subfield>
   <subfield code="e">author.</subfield>
  </datafield>
  <datafield tag="245" ind1="1" ind2="0">
   <subfield code="a">Typographic design</subfield>
   <subfield code="b">form and communication</subfield>
   <subfield code="c">Rob Carter [and four others] Sandra Maxa, Mark Sanders, Philip B. Meggs, Ben Day.</subfield>
  </datafield>
  <datafield tag="250" ind1=" " ind2=" ">
   <subfield code="a">7th edition.</subfield>
  </datafield>
  <datafield tag="264" ind1=" " ind2="1">
   <subfield code="a">Hoboken, New Jersey</subfield>
   <subfield code="b">Wiley</subfield>
   <subfield code="c">[2018]</subfield>
  </datafield>
  <datafield tag="300" ind1=" " ind2=" ">
   <subfield code="a">ix, 343 pages</subfield>
   <subfield code="b">illustrations (some color)</subfield>
   <subfield code="c">28 cm</subfield>
  </datafield>
  <datafield tag="336" ind1=" " ind2=" ">
   <subfield code="a">text</subfield>
   <subfield code="2">rdacontent</subfield>
  </datafield>
  <datafield tag="337" ind1=" " ind2=" ">
   <subfield code="a">unmediated</subfield>
   <subfield code="2">rdamedia</subfield>
  </datafield>
  <datafield tag="338" ind1=" " ind2=" ">
   <subfield code="a">volume</subfield>
   <subfield code="2">rdacarrier</subfield>
  </datafield>
  <datafield tag="504" ind1=" " ind2=" ">
   <subfield code="a">Includes bibliographical references and index.</subfield>
  </datafield>
  <datafield tag="505" ind1="0" ind2=" ">
   <subfield code="a">The evolution of typography -- The anatomy of typography -- Legibility -- The typographic grid -- Syntax and communication -- The typographic message -- The evolution of typographic technology -- Typography in time and motion -- Case studies in typographic design -- Typographic design education -- Typographic design process -- Type specimens.</subfield>
  </datafield>
  <datafield tag="520" ind1=" " ind2=" ">
   <subfield code="a">&quot;This book is the definitive reference for graphic designers, providing a comprehensive introduction to the visual word. Done well, type can communicate so much more than the words themselves; in fact, the written words and the &quot;real&quot; message can be at odds. Typography design determines how you feel about a message, the associations you make, and ultimately, the overall success of the piece. Typography design extends from the page to the screen, and is a critical element of almost any graphic design project. This book provides essential guidance on everything related to type: from letterforms and negative space, to messaging, processes, and history, aspiring designers will find great utility in mastering these critical concepts&quot;--Provided by publisher.</subfield>
  </datafield>
  <datafield tag="650" ind1=" " ind2="0">
   <subfield code="a">Graphic design (Typography)</subfield>
  </datafield>
  <datafield tag="700" ind1="1" ind2=" ">
   <subfield code="a">Maxa, Sandra</subfield>
   <subfield code="e">author.</subfield>
  </datafield>
  <datafield tag="700" ind1="1" ind2=" ">
   <subfield code="a">Sanders, Mark</subfield>
   <subfield code="q">(Mark Allen)</subfield>
   <subfield code="e">author.</subfield>
  </datafield>
  <datafield tag="700" ind1="1" ind2=" ">
   <subfield code="a">Meggs, Philip B.</subfield>
   <subfield code="e">author.</subfield>
  </datafield>
  <datafield tag="700" ind1="1" ind2=" ">
   <subfield code="a">Day, Ben</subfield>
   <subfield code="e">author.</subfield>
  </datafield>
  <datafield tag="905" ind1=" " ind2=" ">
   <subfield code="a">FO</subfield>
  </datafield>
  <datafield tag="852" ind1="0" ind2=" ">
   <subfield code="a">UPBAG</subfield>
   <subfield code="b">UPBAG-MAIN</subfield>
   <subfield code="h">Z 246</subfield>
   <subfield code="i">C37 2018</subfield>
  </datafield>
  <datafield tag="942" ind1=" " ind2=" ">
   <subfield code="a">Thesis</subfield>
  </datafield>
 </record>
</collection>
